[Event "AUT-ch U16"]
[Site "Sankt Veit an der Glan"]
[Date "2019.04.18"]
[Round "7"]
[White "Rosol, Alexander"]
[Black "Preundler, Florian"]
[Result "1/2-1/2"]
[WhiteElo "1972"]
[BlackElo "1738"]
[PlyCount "69"]
[EventDate "2019.04.14"]
[EventType "swiss"]
[EventRounds "7"]
[EventCountry "AUT"]
[SourceTitle "CBM 190 Extra"]
[Source "ChessBase"]
[SourceDate "2019.07.15"]
[SourceVersion "1"]
[SourceVersionDate "2019.07.15"]
[SourceQuality "1"]

1. e4 c5 2. Nf3 d6 3. d4 cxd4 4. Qxd4 Nc6 5. Bb5 Bd7 6. Bxc6 Bxc6 7. Nc3 h6 8. Be3 Nf6 9. h3 a6 10. 0-0-0 e5 11. Qd3 b5 12. Nd2 b4 13. Nd5 Nxd5 14. exd5 Bb5 15. Qe4 Bd7 16. g4 g6 17. f4 f5 18. gxf5 Bxf5 19. Qxb4 Qd7 20. Ne4 a5 21. Nf6+ Ke7 22. Nxd7 axb4 23. Nxf8 Rhxf8 24. fxe5 Rfc8 25. exd6+ Kxd6 26. Bf4+ Kd7 27. Rh2 Rxa2 28. h4 Ra1+ 29. Kd2 Rxc2+ 30. Ke1 Rxh2 31. Bxh2 Rxd1+ 32. Kxd1 Be4 33. Bf4 g5 34. hxg5 hxg5 35. Bxg5 1/2-1/2

[Event "AUT-ch U16"]
[Site "Sankt Veit an der Glan"]
[Date "2019.04.16"]
[Round "4"]
[White "Preundler, Florian"]
[Black "Lerch, Johannes"]
[Result "1/2-1/2"]
[WhiteElo "1738"]
[BlackElo "1624"]
[PlyCount "61"]
[EventDate "2019.04.14"]
[EventType "swiss"]
[EventRounds "7"]
[EventCountry "AUT"]
[SourceTitle "CBM 190 Extra"]
[Source "ChessBase"]
[SourceDate "2019.07.15"]
[SourceVersion "1"]
[SourceVersionDate "2019.07.15"]
[SourceQuality "1"]

1. d4 Nf6 2. Nf3 e6 3. e3 d5 4. Nbd2 c5 5. b3 Nc6 6. Bb2 Be7 7. Bd3 0-0 8. 0-0 b6 9. a3 Bb7 10. Ne5 Nxe5 11. dxe5 Ne4 12. Nxe4 dxe4 13. Be2 Qc7 14. c4 Rfd8 15. Qc2 a5 16. a4 Rd7 17. Rad1 Rad8 18. Rxd7 Rxd7 19. Rd1 Qd8 20. Rxd7 Qxd7 21. Qd1 Qd8 22. Kf1 Kf8 23. Ke1 Ke8 24. h3 Qxd1+ 25. Bxd1 Bd8 26. Bc3 Ke7 27. Ke2 Bc7 28. Bc2 Bc6 29. Bb2 Bb7 30. Bc3 Bc6 31. Bb2 1/2-1/2